000 00488nam a2200169Ia 4500
008 090201s9999 xx 000 0 und d
010 _aKPL-28837
040 _bमराठी
041 _aमराठी
082 _a30948
_b28837
100 _aश्याम बंड
245 _aहसणावळ
_cश्याम बंड
260 _c2004
_bनेत्रा प्रकाशन
300 _a121
_bमोठा
600 _aहसणावळ
942 _cBOOK
999 _c229446
_d229446